| 000 | 00401nam a22001457a 4500 | ||
|---|---|---|---|
| 005 | 20200710135138.0 | ||
| 008 | 200710b xxu||||| |||| 00| 0 eng d | ||
| 082 | _a345.4005 BHA-I | ||
| 100 |
_aBHATT VIJAY _96284 |
||
| 245 | _aINDIAN BAR REVIEW [Vol.XLIII (3)2016 ,JULY TO SEPTEMBER] | ||
| 260 |
_aNEW DELHI _bBAR COUNCIL OF INDIA TRUST _c2016 |
||
| 300 | _a258p. | ||
| 650 |
_aLAW _95701 |
||
| 942 | _cJRL | ||
| 999 |
_c7418 _d7416 |
||